| 000 | 00825nam0a22002171 4500 | ||
|---|---|---|---|
| 001 | rc\470689 | ||
| 005 | 20250621095614.0 | ||
| 035 | _a(NLR Aleph) 005714441 | ||
| 090 |
_a7412445 _c7412445 |
||
| 100 | _a20030616d1988 |||y0rusy50 ca | ||
| 101 | 0 | _arus | |
| 102 | _aRU | ||
| 105 | _ay ||||||||| | ||
| 200 | 1 |
_aИнтерференция в русской речи казахов _e(Пробл. каз.-рус. двуязычия) _f[М.М. Копыленко, Р.М. Таева, А.Е. Тажмуратова и др. _gОтв. ред. д. филол. н. Н.Х. Демесинова] _gАН КазССР, Ин-т языкознания |
|
| 210 |
_aАлма-Ата _cНаука _d1988 |
||
| 215 |
_a128 с. _d20 |
||
| 801 | 0 |
_aRU _bNLR _gpsbo |
|
| 801 | 1 |
_aRU _bELAR _2rusmarc |
|
| 852 |
_aNLR _j88-3/5323 |
||
| 942 | _cBOOK | ||
| 980 | _aNB | ||